[Event "EU-ch Online U18"]
[Site "Tornelo INT"]
[Date "2020.09.19"]
[Round "4"]
[White "Pakalns, Raivis Kristians"]
[Black "Vogli, Erion"]
[Result "1-0"]
[WhiteElo "1768"]
[BlackElo "1512"]
[PlyCount "113"]
[EventDate "2020.09.18"]
[EventType "swiss (rapid)"]
[EventRounds "9"]
[EventCountry "ENG"]
[SourceTitle "CBM 198 Extra"]
[Source "ChessBase"]
[SourceDate "2020.11.30"]
[SourceVersion "1"]
[SourceVersionDate "2020.11.30"]
[SourceQuality "1"]

1. e4 c5 2. Nf3 Nc6 3. Qe2 e6 4. g3 Be7 5. Bg2 Nf6 6. 0-0 0-0 7. c3 d5 8. d3 Re8 9. Rd1 b6 10. Na3 Ba6 11. Qe1 dxe4 12. dxe4 Qc7 13. Bf4 e5 14. Bg5 Rad8 15. Nc2 Rxd1 16. Rxd1 Rd8 17. Bxf6 Bxf6 18. Ne3 Ne7 19. c4 Bb7 20. Nd5 Nxd5 21. exd5 Ba6 22. b3 g6 23. Nd2 Be7 24. Qe3 f5 25. a4 Bc8 26. Re1 Bf6 27. Nf3 e4 28. Nd2 Re8 29. Nf1 Kg7 30. Kh1 Bd4 31. Qe2 h5 32. Qd2 Qe5 33. Qc2 h4 34. a5 Rh8 35. axb6 axb6 36. f3 h3 37. fxe4 hxg2+ 38. Qxg2 fxe4 39. Rxe4 Qf6 40. Qe2 Bg4 41. Rxg4 Re8 42. Qg2 g5 43. h4 Re1 44. Rxg5+ Kf7 45. Kh2 Rxf1 46. Kh3 Be3 47. Rg4 Qf5 48. Qe2 Rh1+ 49. Kg2 Rg1+ 50. Kh3 Bd4 51. Qe4 Qf1+ 52. Kh2 Qf2+ 53. Kh3 Qf1+ 54. Kh2 Qf2+ 55. Kh3 Qf6 56. Rf4 Rh1+ 57. Qxh1 1-0

[Event "LAT President's blitz Cup"]
[Site "Riga"]
[Date "2019.01.26"]
[Round "1"]
[White "Laurusas, Tomas"]
[Black "Pakalns, Raivis Kristians"]
[Result "1-0"]
[WhiteElo "2495"]
[BlackElo "1669"]
[PlyCount "47"]
[EventDate "2019.01.26"]
[EventType "swiss (blitz)"]
[EventRounds "13"]
[EventCountry "LAT"]
[SourceTitle "CBM 188 Extra"]
[Source "ChessBase"]
[SourceDate "2019.02.26"]
[SourceVersion "1"]
[SourceVersionDate "2019.02.26"]
[SourceQuality "1"]

1. e4 g6 2. d4 Bg7 3. Nc3 d6 4. h3 a6 5. a4 b6 6. g4 Bb7 7. Bg2 Nd7 8. Nge2 c5 9. d5 Ngf6 10. g5 Nh5 11. Bf3 Ne5 12. Bxh5 gxh5 13. Ng3 h4 14. Nf5 Rg8 15. f4 Ng6 16. Qh5 e6 17. Qxh7 Rh8 18. Qxg7 exf5 19. exf5 Qe7+ 20. Kf2 Qf8 21. Qf6 Ne7 22. Qxd6 Nxd5 23. Re1+ Ne7 24. f6 1-0

[Event "LAT-chT"]
[Site "Riga"]
[Date "2018.09.08"]
[Round "5.4"]
[White "Pakalns, Raivis Kristians"]
[Black "Kolasa, Pjotrs"]
[Result "0-1"]
[WhiteElo "1636"]
[BlackElo "2041"]
[PlyCount "90"]
[EventDate "2018.06.09"]
[EventType "team-tourn"]
[EventRounds "11"]
[EventCountry "LAT"]
[SourceTitle "EXT 2019"]
[Source "ChessBase"]
[SourceDate "2018.10.10"]
[SourceVersion "1"]
[SourceVersionDate "2018.10.10"]
[SourceQuality "1"]
[WhiteTeam "Rigas Saha School M"]
[BlackTeam "Rigas Saha School"]
[WhiteTeamCountry "LAT"]
[BlackTeamCountry "LAT"]

1. e4 e5 2. Nf3 Nc6 3. Bb5 a6 4. Ba4 Nf6 5. d3 b5 6. Bb3 Be7 7. 0-0 d6 8. c3 0-0 9. Re1 Bb7 10. Nbd2 Na5 11. Bc2 c5 12. Nf1 h6 13. Ng3 Re8 14. Bd2 Bf8 15. Nf5 d5 16. exd5 Qxd5 17. c4 Qd8 18. Nxe5 Nc6 19. Nxc6 Bxc6 20. Be3 Qd7 21. Ng3 Qb7 22. f3 bxc4 23. dxc4 Qxb2 24. Qd2 Qa3 25. Bb3 Rad8 26. Qc3 a5 27. Bc1 Qb4 28. Qxb4 cxb4 29. Be3 Rxe3 30. Rxe3 Bc5 31. Rae1 Rd2 32. Nf1 Rb2 33. Rd1 Re2 34. Rd8+ Kh7 35. Rc8 Bxe3+ 36. Nxe3 Bd7 37. Ra8 Rxe3 38. Rxa5 Rc3 39. Ra7 Be6 40. Rb7 Bxc4 41. Rxb4 Bxb3 42. axb3 Rc2 43. Rb7 Kg6 44. b4 Nd5 45. b5 Rb2 0-1

[Event "Panevezys op-A"]
[Site "Panevezys"]
[Date "2018.07.03"]
[Round "6"]
[White "Pakalns, Raivis Kristians"]
[Black "Braziunaite, Rasa"]
[Result "1/2-1/2"]
[WhiteElo "1611"]
[BlackElo "1616"]
[PlyCount "174"]
[EventDate "2018.06.29"]
[EventType "swiss"]
[EventRounds "9"]
[EventCountry "LTU"]
[SourceTitle "CBM 185 Extra"]
[Source "ChessBase"]
[SourceDate "2018.07.29"]
[SourceVersion "1"]
[SourceVersionDate "2018.07.29"]
[SourceQuality "1"]

1. e4 d5 2. exd5 Qxd5 3. Nc3 Qa5 4. d4 c6 5. Nf3 Bg4 6. h3 Bxf3 7. Qxf3 Nf6 8. Bc4 e6 9. 0-0 Be7 10. Be3 0-0 11. Qg3 Nh5 12. Qf3 g6 13. Ne4 Nd7 14. c3 Nhf6 15. Ng3 Qc7 16. Bh6 Rfe8 17. h4 Bf8 18. Bg5 Bg7 19. Rae1 h6 20. Bd2 c5 21. Bb3 cxd4 22. cxd4 Qd6 23. Be3 b6 24. h5 g5 25. Qe2 Nd5 26. Ne4 Qb4 27. Bxd5 exd5 28. a3 Qe7 29. Ng3 Qe6 30. Qd3 Qg4 31. Qe2 Qxe2 32. Rxe2 Re6 33. Rc2 Nf6 34. Rd1 Ng4 35. Nf5 Nf6 36. Ng3 Rae8 37. Rc7 a5 38. Rdc1 Ne4 39. Nf5 Nd6 40. Nxd6 Rxd6 41. R1c6 Rxc6 42. Rxc6 Re4 43. Rxb6 Bxd4 44. Rb5 Bxe3 45. fxe3 Rxe3 46. Rxd5 Rb3 47. Rxa5 Rxb2 48. Ra8+ Kg7 49. a4 g4 50. Kh2 Rb3 51. Kg1 g3 52. Kf1 Rb2 53. Ra6 Rf2+ 54. Kg1 Rf5 55. Rb6 Rxh5 56. Rb5 Rh4 57. Rb3 Rxa4 58. Rxg3+ Kf6 59. Rf3+ Kg6 60. Rg3+ Kf5 61. Rf3+ Rf4 62. Rh3 Kg5 63. Rg3+ Rg4 64. Rc3 h5 65. Kh2 Rh4+ 66. Kg1 f5 67. Rg3+ Rg4 68. Rc3 h4 69. Kh2 Re4 70. Rc8 Re6 71. Rc4 f4 72. Rc5+ Kg4 73. Rc8 Re5 74. Rc3 Re3 75. Rc8 h3 76. Rg8+ Kf5 77. gxh3 Ke4 78. Rg1 Re2+ 79. Kh1 f3 80. Rg4+ Ke3 81. Rg3 Kf2 82. Rg8 Ke1 83. Rb8 f2 84. Rb1+ Kd2 85. Rf1 Ke3 86. Kg2 Rd2 87. h4 Rd4 1/2-1/2